| 000 | 00924cam a22002653a 4500 | ||
|---|---|---|---|
| 001 | 6242 | ||
| 003 | PGUSA | ||
| 005 | 20140828083129.0 | ||
| 008 | 041118s2004||||xxu|||||s|||||000 1 eng d | ||
| 040 |
_aPGUSA _beng |
||
| 042 | _adc | ||
| 050 | 4 | _aPS | |
| 100 | 1 |
_aParker, Gilbert, _d1862-1932 |
|
| 245 | 1 | 0 |
_aParables of a Province _h[electronic resource] / _cGilbert Parker |
| 260 |
_bProject Gutenberg, _c2004 |
||
| 505 | 0 | _aThe golden pipes -- The guardian of the fire -- By that place called Peradventure -- The singing of the bees -- The white omen -- The sojourners -- The tent of the purple mat -- There was a little city -- The forge in the valley. | |
| 506 | _aPublic domain in the USA. | ||
| 516 | _aElectronic text | ||
| 653 | _aShort stories | ||
| 653 | _aParables | ||
| 653 | _aCanadian fiction | ||
| 830 | 0 |
_aProject Gutenberg _v6242 |
|
| 856 | 4 | 0 | _uhttp://www.gutenberg.org/ebooks/6242 |
| 942 | _cEB | ||
| 999 |
_c235565 _d235565 |
||